Blue lock RIVALS fill in the blank - Statistics

General Stats
  • This quiz has been taken 239 times
  • The average score is 7 of 11
Answer Stats
Hint Hint No: 2 Answer % Correct
Curve,,, Shot
94%
Big Bang,,, Drive
80%
Press T to activate,,, Flow
79%
You'll never,, Surpass me
79%
Press G to,,, Awaken
78%
Scorpion,,, gagamaru Kick
66%
Ball must be Requirement to use big bang drive in the air
64%
While i'm on patrol. You won't be,,, Stealing any goals
61%
Reo, I'm gonna,,, Nagi's awakening give it a try
53%
Must be on the other side Requirement to use charge of the field
36%
No Stamina,,, happens when using tireless Drain
23%
No matching quizzes found
Score Distribution
Percent of People with Each Score
Percentile by Number Answered
Your Score History
You have not taken this quiz